000 00361nam a2200133 i 4500
001 bg
100 1 _aMALINOWSKA, Elżbieta
245 0 _aOrganizacje i systemy międzynarodowe w zakresie informacji naukowej /
_cElżbieta Malinowska.
260 _aWarszawa,
_c1979.
040 _cBPK
041 _apol
942 _cKS
008 s pl f |000 0 pol
999 _c9426
_d9426
856 _uhttp://koha.tu.koszalin.pl/cgi-bin/koha/opac-detail.pl?biblionumber=9426
_yKatalog online BPK